<?xml version="1.0" encoding="UTF-8"?>
<collection xmlns:xsi="http://www.w3.org/2001/XMLSchema-instance" xsi:schemaLocation="http://www.loc.gov/MARC21/slim http://www.loc.gov/standards/marcxml/schema/MARC21slim.xsd" xmlns="http://www.loc.gov/MARC21/slim">
 <record>
  <leader>00000cmm a22000008i 4500</leader>
  <controlfield tag="001">UP-99796217613805308</controlfield>
  <controlfield tag="003">Buklod</controlfield>
  <controlfield tag="005">20210728220736.0</controlfield>
  <controlfield tag="006">a     r    |||| u|</controlfield>
  <controlfield tag="007">ta</controlfield>
  <controlfield tag="008">180827s2018    enk     o  u        eng d</controlfield>
  <datafield tag="020" ind1=" " ind2=" ">
   <subfield code="a">9781785522963 (ebook)</subfield>
  </datafield>
  <datafield tag="035" ind1=" " ind2=" ">
   <subfield code="a">(iLib)UPD-00527571145</subfield>
  </datafield>
  <datafield tag="040" ind1=" " ind2=" ">
   <subfield code="a">DML</subfield>
  </datafield>
  <datafield tag="041" ind1="0" ind2=" ">
   <subfield code="a">eng</subfield>
  </datafield>
  <datafield tag="042" ind1=" " ind2=" ">
   <subfield code="a">DMLUC</subfield>
  </datafield>
  <datafield tag="050" ind1="1" ind2="0">
   <subfield code="a">JF 2051</subfield>
   <subfield code="b">P425 2018eb</subfield>
  </datafield>
  <datafield tag="245" ind1="0" ind2="4">
   <subfield code="a">The personalization of democratic politics and the challenge for political parties</subfield>
   <subfield code="h">[electronic resource]</subfield>
   <subfield code="c">edited by William P. Cross, Richard S. Katz and Scott Pruysers.</subfield>
  </datafield>
  <datafield tag="264" ind1=" " ind2="1">
   <subfield code="a">London</subfield>
   <subfield code="a">New York</subfield>
   <subfield code="b">Littlefield International, Ltd</subfield>
   <subfield code="a">Colchester, United Kingdom</subfield>
   <subfield code="b">ECPR Press</subfield>
   <subfield code="c">[2018]</subfield>
  </datafield>
  <datafield tag="300" ind1=" " ind2=" ">
   <subfield code="a">1 online resource (291 pages)</subfield>
  </datafield>
  <datafield tag="336" ind1=" " ind2=" ">
   <subfield code="a">text</subfield>
   <subfield code="2">rdacontent</subfield>
  </datafield>
  <datafield tag="337" ind1=" " ind2=" ">
   <subfield code="a">computer</subfield>
   <subfield code="2">rdamedia</subfield>
  </datafield>
  <datafield tag="338" ind1=" " ind2=" ">
   <subfield code="a">online resource</subfield>
   <subfield code="2">rdacarrier</subfield>
  </datafield>
  <datafield tag="504" ind1=" " ind2=" ">
   <subfield code="a">Includes bibliographical references and index.</subfield>
  </datafield>
  <datafield tag="505" ind1="0" ind2=" ">
   <subfield code="a">Personalism, personalization, and party politics / Scott Pruysers, William P. Cross, and Richard S. Katz -- Personalization, personalism and electoral systems / Jean-Benoit Pilet and Alan Renwick -- The personalization of parliamentary elections? / Amanda Bittner -- Personalism and election campaigning: national and local dynamics / Scott Pruysers and William P. Cross -- Primaries and the personalization of party leadership / David K. Stewart -- Personalized politics online / Gideon Rahat and Shahaf Zamir -- Party organization and personalization / Anika Gauja -- Exploring the role of decentralized personalization for legislative behaviour and constituency representation / Mihail Chiru -- Personalization, personal authority, and governance / Jonathan Malloy -- Presidentialization, personalization and populism : the hollowing out of party government / Thomas Poguntke and Paul D. Webb -- Personalism, personalization, and gender / Melanee Thomas -- Personalization, party government and democracy / Richard S. Katz.</subfield>
  </datafield>
  <datafield tag="506" ind1=" " ind2=" ">
   <subfield code="a">IP-based subscription, access limited to within on-campus computer network.</subfield>
   <subfield code="c">Access via Electronic Resources of the UPD University Library Website.</subfield>
  </datafield>
  <datafield tag="520" ind1=" " ind2=" ">
   <subfield code="a">&quot;Those interested in election campaigns, voting, gender, governance, legislative behaviour, and political parties will all find something of value in the contributions that follow&quot;--Provided by publisher.</subfield>
  </datafield>
  <datafield tag="650" ind1=" " ind2="0">
   <subfield code="a">Electronic books.</subfield>
  </datafield>
  <datafield tag="650" ind1=" " ind2="0">
   <subfield code="a">Political parties.</subfield>
  </datafield>
  <datafield tag="650" ind1=" " ind2="0">
   <subfield code="a">Party affiliation.</subfield>
  </datafield>
  <datafield tag="650" ind1=" " ind2="0">
   <subfield code="a">Political participation.</subfield>
  </datafield>
  <datafield tag="700" ind1="1" ind2=" ">
   <subfield code="a">Cross, William P.</subfield>
   <subfield code="q">(William Paul)</subfield>
   <subfield code="d">1962-</subfield>
   <subfield code="e">editor.</subfield>
  </datafield>
  <datafield tag="700" ind1="1" ind2=" ">
   <subfield code="a">Katz, Richard S.</subfield>
   <subfield code="e">editor.</subfield>
  </datafield>
  <datafield tag="700" ind1="1" ind2=" ">
   <subfield code="a">Pruysers, Scott</subfield>
   <subfield code="d">1985-</subfield>
   <subfield code="e">editor.</subfield>
  </datafield>
  <datafield tag="710" ind1="2" ind2=" ">
   <subfield code="a">IG Publishing Online (Online service).</subfield>
  </datafield>
  <datafield tag="776" ind1="0" ind2="8">
   <subfield code="i">Print version</subfield>
   <subfield code="t">Personalization of democratic politics and the challenge for political parties</subfield>
   <subfield code="d">London ; New York : Littlefield International, Ltd ; Colchester, United Kingdom : ECPR Press, [2018]</subfield>
   <subfield code="z">9781785522956</subfield>
   <subfield code="w">(DLC)  2018015528.</subfield>
  </datafield>
  <datafield tag="856" ind1="4" ind2="0">
   <subfield code="z">Available for University of the Philippines System via IG Publishing. Click here to access</subfield>
   <subfield code="u">https://portal.igpublish.com/iglibrary/search/ROWMANB0022564.html</subfield>
  </datafield>
  <datafield tag="856" ind1=" " ind2=" ">
   <subfield code="z">(viewed 23 January 2022)</subfield>
  </datafield>
  <datafield tag="905" ind1=" " ind2=" ">
   <subfield code="a">FO</subfield>
  </datafield>
  <datafield tag="950" ind1=" " ind2=" ">
   <subfield code="a">Monograph</subfield>
  </datafield>
  <datafield tag="852" ind1="0" ind2=" ">
   <subfield code="a">UPD</subfield>
   <subfield code="b">DMLS</subfield>
   <subfield code="h">JF 2051 P425 2018eb</subfield>
  </datafield>
  <datafield tag="942" ind1=" " ind2=" ">
   <subfield code="a">Electronic Resource</subfield>
  </datafield>
 </record>
</collection>
